000
00293nam a2200121Ia 4500
008
240624s9999 xx 000 0 und d
041
_a
eng
082
_a
332.72 REE
100
_a
REED DAVID
245
_a
MORTGAGE CONFIDENTIAL
260
_c
2010
_a
New Delhi
_b
Tata McGraw-Hill
365
_c
RS
_b
33
999
_c
26447
_d
26447